Észrevételek
Elmentve itt :
| Szerző: | |
|---|---|
| Adatforrás: | Meister |
| Forrásdokumentuma: | Helikon. - 17 sz., 1992, 10 p. |
| Nyelv: | magyar |
| Kulcsszavak: | filozófia kultúra |
| LEADER | 00334nab a2200133 i 4500 | ||
|---|---|---|---|
| 001 | bibPRO00009485 | ||
| 008 | 060524s1992 xx hun | ||
| 040 | |a Sz1 | ||
| 041 | |a hun | ||
| 100 | 1 | |a WITTGENSTEIN Ludwig | |
| 245 | 1 | 0 | |a Észrevételek |c WITTGENSTEIN Ludwig |
| 695 | |a filozófia | ||
| 695 | |a kultúra | ||
| 773 | 0 | |t Helikon. - |g 17 sz., 1992, 10 p. | |